000 01543nam0a2200361 i 4500
001 RU\NLR\BIBL_A\010776768
005 20240921104522.0
010 _a9785949140642
_93000
021 _aRU
_b2015-33547
_91979
035 _a(NILC)RuMoRGB-007924120
035 _a(NLR Aleph) 010776768
090 _a10047359
_c10047359
100 _a20150608d2014 k y0rusy50 ca
101 0 _arus
102 _aRU
_aRU
105 _aa|||z|||000yy
200 1 _aНациональная экономика
_eмонография
_f[Н.В. Яремчук, д.э.н., проф., В.В. Золотарев, д.э.н., С.Н. Мовчан, к.э.н.]
_gпод ред. Н. В. Яремчука
210 _aМосква
_cМПА-Пресс
_d2014
215 _a542, [1] с.
_cтабл.
_d22
300 _aАвт. указаны на обороте тит. л.
320 _aБиблиогр.: с. 511-524 и в подстроч. примеч.
606 1 _aНациональная экономика
_yРоссийская Федерация
_92130809
_3RU\NLR\AUTH\661285519
686 1 _aУ03(2Р)74
700 1 _aЯремчук
_bН. В.
_gНиколай Васильевич
701 1 _aЗолотарев
_bВ. В.
_gВадим Владимирович
701 1 _aМовчан
_bС. Н.
_gСергей Николаевич
801 0 _aRU
_bРГБ
_c20150430
_gRCR
801 2 _aRU
_bРГБ
_c20150512
_grcr
801 1 _aRU
_bРГБ
_c20150430
_2rusmarc
942 _cBOOK
980 _aNBR